The armada

Gespeichert in:
Bibliographische Detailangaben
1. Verfasser: Mattingly, Garrett
Format: Buch
Sprache:Undetermined
Veröffentlicht: Boston, Estados Unidos The Riverside Press Cambridge 1959
Schlagworte:
Tags: Tag hinzufügen
Keine Tags, Fügen Sie den ersten Tag hinzu!

MARC

LEADER 00000nam a2200000Ia 4500
008 170316s9999 xx 000 0 und d
040 |a cru BVZT 
090 |a 810 M-15a 
100 |a Mattingly, Garrett 
245 4 |a The armada 
260 |a Boston, Estados Unidos 
260 |b The Riverside Press Cambridge 
260 |c 1959 
300 |a 443 páginas 
650 |a LITERATURA ESTADOUNIDENSE 
999 |c 5889  |d 5889 
942 |c 15 D  |h 810 M-15a  |2 z